|
|
|
|
| LEADER |
01183cam a2200289 7i4500 |
| 001 |
0000054525 |
| 005 |
20200922090000.0 |
| 020 |
|
|
|a 9781138197466 (electronic book)
|
| 090 |
0 |
0 |
|a HD60
|b .C36 2017
|
| 100 |
1 |
|
|a Camillus, John C
|
| 245 |
1 |
4 |
|a The business of humanity :
|b strategic management in the era of globalization, innovation, and shared value
|c John C. Camillus, Bopaya Bidanda, N. Chandra Mohan.
|
| 264 |
|
1 |
|a New York, NY:
|b Routledge,
|c 2017.
|
| 300 |
|
|
|a 1 online resource (173 pages):
|b text file, PDF.
|
| 336 |
|
|
|a text
|2 rdacontent
|
| 337 |
|
|
|a computer
|2 rdamedia
|
| 338 |
|
|
|a online resource
|2 rdacarrier
|
| 650 |
|
0 |
|a Strategic planning
|
| 650 |
|
0 |
|a Technological innovations --
|x Economic aspects
|
| 650 |
|
0 |
|a Social responsibility of business
|
| 650 |
|
0 |
|a Globalization --
|x Economic aspects
|
| 655 |
|
0 |
|a Electronic books
|
| 700 |
1 |
|
|a Bidanda, Bopaya
|
| 700 |
1 |
|
|a Mohan, N. Chandra
|
| 856 |
4 |
2 |
|u http://library.unisel.edu.my/equip-unisel/custom/ebook_catalog/ebook/Thebusinessofhumanitycompressed.pdf
|
| 997 |
|
|
|a Business & Accountancy, Faculty
|
| 998 |
|
|
|a Business Management, Degree
|
| 999 |
|
|
|a EBO0000982
|b EBOOK
|c EBOOK
|e Electronic resources
|